Free-form closed surface modeling /
Saved in:
| 主要作者: | |
|---|---|
| 格式: | Thesis 图书 |
| 语言: | English |
| 出版: |
1996.
|
| 主题: | |
| 标签: |
添加标签
没有标签, 成为第一个标记此记录!
|
| LEADER | 00749cam a2200241 a 4500 | ||
|---|---|---|---|
| 001 | u409439 | ||
| 003 | SIRSI | ||
| 008 | 970319s1996 si v 00 1 eng m | ||
| 035 | |a ACC-7395 | ||
| 040 | |a UMM | ||
| 090 | |a T385 |b Zha | ||
| 100 | 1 | 0 | |a Zhao, Pei. |
| 245 | 1 | 0 | |a Free-form closed surface modeling / |c by Zhao Pei. |
| 260 | |c 1996. | ||
| 300 | |a viii, 131 leaves : |b ill. (some col.) ; |c 30 cm. | ||
| 502 | |a Thesis (Ph.D.) -- National University of Singapore, 1996. | ||
| 504 | |a Bibliography: leaves [122]-131. | ||
| 650 | 0 | |a Surfaces |x Data processing. | |
| 650 | 0 | |a Computer-aided design. | |
| 650 | 0 | |a Computer graphics. | |
| 948 | |a 19/03/1997 |b 25/11/2000 | ||
| 596 | |a 1 | ||
| 999 | |a T385 ZHA |w LC |c 1 |i A506931986 |l STACKS |m P01UTAMA |r Y |s Y |t TESIS |u 28/10/1997 | ||
